Comentarios al Cd̤igo Civil y compilaciones forales

Detalles Bibliográficos
Otros Autores: Albaladejo Garca̕, Manuel (Compilador, Conductor), Da̕z Alabart, Silvia (Conductor)
Formato: Desconocido
Lenguaje:español
Publicado: Madrid : Editorial Revista de Derecho Privado : Editoriales de Derecho Reunidas, 1998
Edición:2® ed
Materias:
Acceso en línea:Acceso restringido

MARC

LEADER 00000ny a22000003n 4500
005 2011060201111.0
008 080718s1998 sp s 000 0 spa c
020 |a 978-84-713090-5-1 
035 |a 487 
040 |a UMA.DER  |d vLex 
080 |a 347(460) 
090 |c 2138  |d 2138 
245 0 0 |a Comentarios al Cd̤igo Civil y compilaciones forales  |h [Recurso electrn̤ico]  |c dirigidos por Manuel Albaladejo y Silvia Da̕z Alabart 
250 |a 2® ed 
256 |a Servicio en ln̕ea 
260 |a Madrid :  |b Editorial Revista de Derecho Privado :  |b Editoriales de Derecho Reunidas,  |c 1998 
300 |a p. ; 
505 0 |t Tomo XIII, Vol. 2, Artc̕ulos 959 a 987 del Cd̤igo Civil (2® edicin̤) /  |r comentados por Manuel Albaladejo Garca̕ 
506 1 |a Contenido solo disponible en los productos indicados  |d vLex Global  |d vLex Global (Academic Edition, excluding Law Schools)  |d vLex Global (U.S. Academic Edition, Law Schools)  |d vLex Global (U.S. Academic Edition, excluding Law Schools)  |d vLex Global (Academic Edition, Law Schools) 
650 0 7 |2 Tesauro vLex  |a Civil 
650 0 7 |2 Tesauro vLex  |a Cd̤igo civil 
650 0 7 |2 Tesauro vLex  |a Sucesorio 
700 1 |a Albaladejo Garca̕, Manuel,  |e com 
700 1 |a Albaladejo Garca̕, Manuel,  |e dir 
700 1 |a Da̕z Alabart, Silvia,  |e dir 
740 0 |a vLex Libros (Servicios en ln̕ea) 
856 4 0 |z Acceso restringido  |u http://vlex.com/source/487 
942 |c BOOK